000 00426nam a2200157 i 4500
001 60160
003 ES-MaACL
005 20230906164152.0
007 t|
008 031103s1971 sp ||||1| spa d
100 1 _aValen, Ernos.
_9112560
245 1 0 _aHay dinero y salud en la abeja /
_cValen Ernos.
260 _aBarcelona :
_bSintes,
_c[1971]
300 _a239 p. :
_bil. ;
_c18 cm.
852 _aES-MaACL
_jC-49705
_bR.80519
999 _c60160
_d60160